000 00322nam a2200133Ia 4500
008 240624s9999 xx 000 0 und d
041 _aeng
082 _a331 ARO
100 _aARORA MONAL
245 _aINDUSTRIAL RELATIONS
260 _c2000
_aNew Delhi
_bExcel Books
300 _avii, : 312 : p. : cm. ; 24
365 _cRS
999 _c2504
_d2504